000 00355nab a22001097u 4500
008 130520b2007 xxu||||| |||| 00| 0 spa d
041 _aspa
100 1 _aChampagne, Élaine
_954641
245 0 0 _a¿Espiritualidad "desde la boca de los niños de pecho"?
_cÉlaine Champagne
773 0 _tConcilium
_gnº323,2007,págs. 83-92
_x0210-1041
_wRev134
942 _cAR
999 _c382907
_d382907